[Event "BAN-chT Walton (Women)"]
[Site "Dhaka"]
[Date "2023.03.25"]
[Round "4"]
[White "Wadifa, Ahmed"]
[Black "Afrin Jahan, Munia"]
[Result "1-0"]
[WhiteElo "1811"]
[BlackElo "1634"]
[PlyCount "125"]
[EventDate "2023.03.22"]
[EventType "team-tourn"]
[EventRounds "7"]
[EventCountry "BAN"]
[SourceTitle "CBM 213 Extra"]
[Source "ChessBase"]
[SourceDate "2023.05.31"]
[SourceVersion "1"]
[SourceVersionDate "2023.05.31"]
[SourceQuality "1"]
[WhiteTeam "Bangladesh Navy (W)"]
[BlackTeam "Shahin CC (W)"]
[WhiteTeamCountry "BAN"]
[BlackTeamCountry "BAN"]

1. e4 e5 2. Nf3 Nc6 3. Bb5 d6 4. 0-0 Nf6 5. c3 a6 6. Ba4 b5 7. Bb3 Be7 8. h3 0-0 9. Re1 Bb7 10. d4 h6 11. Nbd2 Nh7 12. Nf1 Ng5 13. Nxg5 Bxg5 14. Ne3 Ne7 15. Bc2 Ng6 16. g3 Bc8 17. h4 Bxe3 18. Bxe3 Qd7 19. Bd3 Qh3 20. Bf1 Qg4 21. Qxg4 Bxg4 22. a4 c6 23. Kg2 Rfe8 24. d5 cxd5 25. exd5 Bd7 26. axb5 axb5 27. c4 bxc4 28. Bxc4 Reb8 29. b3 Ne7 30. Bd2 Nf5 31. Ba5 Rb7 32. Bc3 Rba7 33. Rxa7 Rxa7 34. Ra1 Rxa1 35. Bxa1 Ne7 36. Bc3 Kf8 37. Ba5 Ke8 38. Bc7 Nc8 39. Ba6 Ke7 40. b4 Na7 41. Bb6 Nb5 42. Kf1 Nc3 43. Ba5 Bb5+ 44. Bxb5 Nxb5 45. Ke2 Kd7 46. Kd3 f5 47. Kc4 Na3+ 48. Kb3 Nb5 49. Kc4 Na3+ 50. Kb3 Nb5 51. h5 Kc8 52. Bb6 Kb7 53. Bd8 f4 54. gxf4 exf4 55. Be7 Nd4+ 56. Kc4 Nf5 57. Bf8 Kb6 58. Kd3 Kb5 59. Ke4 Nh4 60. Bxg7 f3 61. Bxh6 Kxb4 62. Bg5 Ng2 63. h6 1-0

[Event "BAN-chB (Women) 41st"]
[Site "Dhaka"]
[Date "2022.11.13"]
[Round "7"]
[White "Afrin Jahan, Munia"]
[Black "Nusrat Jahan, Alo"]
[Result "0-1"]
[WhiteElo "1613"]
[BlackElo "1710"]
[PlyCount "56"]
[EventDate "2022.11.07"]
[EventType "swiss"]
[EventRounds "8"]
[EventCountry "BAN"]
[SourceTitle "EXT 2024"]
[Source "ChessBase"]
[SourceDate "2023.10.10"]
[SourceVersion "1"]
[SourceVersionDate "2023.10.10"]
[SourceQuality "1"]

1. e4 c6 2. d4 d5 3. exd5 cxd5 4. Bd3 Nc6 5. c3 Nf6 6. h3 e6 7. Nf3 Bd6 8. 0-0 h6 9. Re1 0-0 10. Ne5 Qc7 11. f4 Nd7 12. Qh5 f5 13. Ng6 Nf6 14. Qf3 Re8 15. Be3 Ne7 16. Ne5 Bxe5 17. fxe5 Ne4 18. g4 Rf8 19. gxf5 exf5 20. Kh1 Qb6 21. Bxe4 fxe4 22. Qg2 Rf3 23. Re2 Bxh3 24. Qh2 Bf1 25. Kg1 Qg6+ 26. Rg2 Bxg2 27. Qxg2 Rg3 28. Qxg3 Qxg3+ 0-1

[Event "Dhaka Laila Alam Cup (Women) 12th"]
[Site "Dhaka"]
[Date "2022.05.11"]
[Round "7"]
[White "Afrin Jahan, Munia"]
[Black "Khan, Nazrana"]
[Result "0-1"]
[WhiteElo "1624"]
[BlackElo "1829"]
[PlyCount "72"]
[EventDate "2022.05.05"]
[EventType "swiss"]
[EventRounds "7"]
[EventCountry "BAN"]
[SourceTitle "CBM 208 Extra"]
[Source "ChessBase"]
[SourceDate "2022.07.31"]
[SourceVersion "1"]
[SourceVersionDate "2022.07.31"]
[SourceQuality "1"]

1. e4 c5 2. Nf3 e6 3. d4 cxd4 4. Nxd4 a6 5. Bd3 Nf6 6. 0-0 Qc7 7. Nb3 d5 8. exd5 Nxd5 9. Bd2 Be7 10. a3 Nc6 11. Nc3 Nf6 12. Ne2 0-0 13. Bf4 e5 14. Bg3 Nh5 15. c3 Rd8 16. Qb1 g6 17. h3 Nxg3 18. Nxg3 Bf6 19. Rd1 Be6 20. Bc2 Ne7 21. Rxd8+ Rxd8 22. Qe1 Bg7 23. Rd1 Rf8 24. Qe3 Rc8 25. Ne4 b6 26. Nbd2 Nf5 27. Qe2 a5 28. Nf3 h6 29. Qb5 Nd4 30. Qa4 b5 31. Nd6 bxa4 32. Nxc8 Qxc8 33. Nxe5 Bxe5 34. cxd4 Bb3 35. Bxb3 axb3 36. Kf1 Qc2 0-1

[Event "BAN-ch (Women)"]
[Site "Dhaka"]
[Date "2022.01.06"]
[Round "9"]
[White "Afrin Jahan, Munia"]
[Black "Ayasa, Akter"]
[Result "1-0"]
[WhiteElo "1651"]
[BlackElo "1159"]
[PlyCount "71"]
[EventDate "2021.12.29"]
[EventType "swiss"]
[EventRounds "11"]
[EventCountry "BAN"]
[SourceTitle "EXT 2023"]
[Source "ChessBase"]
[SourceDate "2022.10.05"]
[SourceVersion "1"]
[SourceVersionDate "2022.10.05"]
[SourceQuality "1"]

1. e4 e5 2. Nf3 Nc6 3. Bc4 Bc5 4. d3 h6 5. a3 Nf6 6. Nc3 d6 7. h3 a6 8. b4 Ba7 9. 0-0 0-0 10. Be3 Bxe3 11. fxe3 b5 12. Ba2 Bb7 13. Nd5 Ra7 14. Nh2 Nxd5 15. Bxd5 Ne7 16. Bb3 d5 17. Qh5 Ng6 18. Ng4 Qh4 19. Qxh4 Nxh4 20. Nxe5 c6 21. exd5 cxd5 22. e4 Ba8 23. Bxd5 Bxd5 24. exd5 Re8 25. Nc6 Rc7 26. Rae1 Rxe1 27. Rxe1 f6 28. c4 Ng6 29. c5 Rd7 30. d6 Kf7 31. d4 Nf4 32. Nb8 Rd8 33. c6 Rxd6 34. c7 Rxd4 35. c8Q Rd2 36. Qe8# 1-0

[Event "BAN-ch (Women)"]
[Site "Dhaka"]
[Date "2022.01.01"]
[Round "4"]
[White "Ad, Kazi Kamrun Nessa"]
[Black "Afrin Jahan, Munia"]
[Result "0-1"]
[WhiteElo "1191"]
[BlackElo "1651"]
[PlyCount "54"]
[EventDate "2021.12.29"]
[EventType "swiss"]
[EventRounds "11"]
[EventCountry "BAN"]
[SourceTitle "EXT 2023"]
[Source "ChessBase"]
[SourceDate "2022.10.05"]
[SourceVersion "1"]
[SourceVersionDate "2022.10.05"]
[SourceQuality "1"]

1. e4 c5 2. Bc4 e6 3. Nf3 a6 4. 0-0 b5 5. Be2 Bd6 6. e5 Bc7 7. d3 h6 8. c4 b4 9. Be3 Bb6 10. a3 Nc6 11. d4 cxd4 12. Bxd4 Nxd4 13. Nxd4 Bb7 14. f3 bxa3 15. Nxa3 Qg5 16. Kh1 Qxe5 17. Nac2 Qg5 18. Nb3 a5 19. Qd3 Nf6 20. Nbd4 Nh5 21. g4 Nf4 22. Qe3 0-0 23. Rg1 Rfc8 24. b3 Qh4 25. Raf1 e5 26. Qf2 Qxf2 27. Rxf2 Nh3 0-1

[Event "BAN-chT (Women)"]
[Site "Dhaka"]
[Date "2021.09.10"]
[Round "3.4"]
[White "Afrin Jahan, Munia"]
[Black "Nazmin, Akter"]
[Result "1-0"]
[WhiteElo "1645"]
[BlackElo "1213"]
[PlyCount "67"]
[EventDate "2021.09.08"]
[EventType "team-tourn"]
[EventRounds "9"]
[EventCountry "BAN"]
[SourceTitle "CBM 204 Extra"]
[Source "ChessBase"]
[SourceDate "2021.11.30"]
[SourceVersion "1"]
[SourceVersionDate "2021.11.30"]
[SourceQuality "1"]
[WhiteTeam "Rupali Bank Krira Parisad (W)"]
[BlackTeam "Sheikh Russel (W)"]
[WhiteTeamCountry "BAN"]
[BlackTeamCountry "BAN"]

1. e4 e5 2. Nf3 d6 3. Bc4 h6 4. h3 g6 5. 0-0 Bg7 6. d3 Nf6 7. Be3 0-0 8. Nc3 a6 9. a3 Nc6 10. Nh2 Na5 11. Ba2 Nc6 12. f4 exf4 13. Bxf4 Ne5 14. Qd2 Kh7 15. Nf3 Nh5 16. Nxe5 dxe5 17. Be3 f5 18. Bc5 Re8 19. Bf7 Rh8 20. exf5 Bxf5 21. Rf3 Nf4 22. Be3 Qd7 23. Bxf4 exf4 24. Ba2 g5 25. Re1 Rhe8 26. Rff1 Rxe1 27. Rxe1 Re8 28. Kf1 Rxe1+ 29. Qxe1 Qc6 30. Bd5 Qb6 31. Qe8 Qf6 32. Bg8+ Kh8 33. Bf7+ Kh7 34. Qg8# 1-0

[Event "BAN-chT (Women)"]
[Site "Dhaka"]
[Date "2021.09.09"]
[Round "2.4"]
[White "Kazi Zarin, Tasnim"]
[Black "Afrin Jahan, Munia"]
[Result "1-0"]
[WhiteElo "1822"]
[BlackElo "1645"]
[PlyCount "50"]
[EventDate "2021.09.08"]
[EventType "team-tourn"]
[EventRounds "9"]
[EventCountry "BAN"]
[SourceTitle "CBM 204 Extra"]
[Source "ChessBase"]
[SourceDate "2021.11.30"]
[SourceVersion "1"]
[SourceVersionDate "2021.11.30"]
[SourceQuality "1"]
[WhiteTeam "Bangladesh Navy (W)"]
[BlackTeam "Rupali Bank Krira Parisad (W)"]
[WhiteTeamCountry "BAN"]
[BlackTeamCountry "BAN"]

1. e4 e6 2. d4 d5 3. Nd2 a6 4. Bd3 Nc6 5. Ngf3 Nf6 6. e5 Nd7 7. c3 Na7 8. 0-0 c5 9. Re1 Be7 10. Nf1 0-0 11. Be3 cxd4 12. cxd4 f5 13. exf6 Nxf6 14. Bg5 h6 15. Bh4 Nh7 16. Bg3 Nc6 17. a3 Bd6 18. Bc2 Bxg3 19. Nxg3 Ne7 20. Qd3 Nf5 21. Re5 Nf6 22. Nxf5 exf5 23. Qb3 b5 24. Bxf5 Bxf5 25. Rxf5 Qd7 1-0

[Event "BAN Games 9th"]
[Site "Dhaka"]
[Date "2021.04.04"]
[Round "1.4"]
[White "Afrin Jahan, Munia"]
[Black "Noshin, Anjum"]
[Result "0-1"]
[WhiteElo "1647"]
[BlackElo "1912"]
[PlyCount "134"]
[EventDate "2021.04.04"]
[EventType "team-swiss"]
[EventRounds "5"]
[EventCountry "BAN"]
[SourceTitle "CBM 202 Extra"]
[Source "ChessBase"]
[SourceDate "2021.07.31"]
[SourceVersion "1"]
[SourceVersionDate "2021.07.31"]
[SourceQuality "1"]
[WhiteTeam "Khulna Division"]
[BlackTeam "Bangladesh Navy"]
[WhiteTeamCountry "BAN"]
[BlackTeamCountry "BAN"]

1. e4 e5 2. Nf3 Nc6 3. Bc4 Bc5 4. d3 Nf6 5. h3 d6 6. a3 a6 7. Nc3 h6 8. 0-0 Ba7 9. Nd5 0-0 10. Be3 Re8 11. Bxa7 Nxa7 12. Nh2 c6 13. Nxf6+ Qxf6 14. Qf3 Qxf3 15. Nxf3 Be6 16. Bxe6 Rxe6 17. c4 Rae8 18. Nd2 d5 19. Nb3 Rd8 20. Rfd1 Re7 21. Kf1 Nc8 22. cxd5 cxd5 23. Rac1 Nb6 24. Ke2 Kh7 25. Na5 Red7 26. f3 f6 27. b3 Kg6 28. g4 Kg5 29. b4 Kh4 30. Nb3 Na4 31. exd5 Rxd5 32. Rd2 R8d7 33. Ke3 Kg5 34. Na5 Nb6 35. Nb3 Kg6 36. h4 h5 37. Nc5 Re7 38. Kf2 Rc7 39. Rcc2 Nd7 40. Nxd7 Rcxd7 41. Ke3 Rd4 42. Rc4 R4d6 43. d4 hxg4 44. fxg4 Kf7 45. Ke4 Rd5 46. Ke3 R5d6 47. h5 b5 48. Rc1 exd4+ 49. Ke4 Re7+ 50. Kf4 Re3 51. Rcd1 Rxa3 52. Rxd4 Re6 53. Rd7+ Re7 54. Rxe7+ Kxe7 55. Rd4 Ra4 56. Kf5 a5 57. Re4+ Kf7 58. bxa5 Rxa5 59. Rb4 Ke7 60. Kg6 Ra4 61. Rxa4 bxa4 62. Kxg7 a3 63. h6 a2 64. h7 a1Q 65. h8Q f5+ 66. Kh7 Qxh8+ 67. Kxh8 fxg4 0-1

[Event "BAN Games Blitz (Women) 9th"]
[Site "Dhaka"]
[Date "2021.04.03"]
[Round "1.1"]
[White "Parveen, Tanima"]
[Black "Afrin Jahan, Munia"]
[Result "1-0"]
[WhiteElo "1984"]
[BlackElo "1647"]
[PlyCount "69"]
[EventDate "2021.04.03"]
[EventType "swiss (blitz)"]
[EventRounds "9"]
[EventCountry "BAN"]
[SourceTitle "CBM 201 Extra"]
[Source "ChessBase"]
[SourceDate "2021.05.31"]
[SourceVersion "1"]
[SourceVersionDate "2021.05.31"]
[SourceQuality "1"]

1. e4 e6 2. d4 d5 3. Nd2 c6 4. c3 Nf6 5. e5 Nfd7 6. Bd3 Be7 7. Ne2 0-0 8. 0-0 c5 9. Nf3 Nc6 10. a3 c4 11. Bb1 f5 12. exf6 Nxf6 13. Re1 Bd6 14. Ng3 Qc7 15. Qc2 h6 16. Qg6 Qf7 17. Ne5 Bxe5 18. dxe5 Qxg6 19. Bxg6 Nd7 20. f4 Ne7 21. Bc2 Nc5 22. Be3 b6 23. Rad1 Bb7 24. Ne2 Nf5 25. Bf2 Rad8 26. g4 Ne7 27. Bh4 Rd7 28. Bg3 Rf7 29. Nd4 g5 30. f5 exf5 31. e6 Nxe6 32. Rxe6 f4 33. Bf2 Rd8 34. Rxh6 Re8 35. Re1 1-0

[Event "BAN-ch (Women) 39th"]
[Site "Dhaka"]
[Date "2019.09.25"]
[Round "7"]
[White "Khan, Nazrana"]
[Black "Afrin Jahan, Munia"]
[Result "1-0"]
[WhiteElo "1939"]
[BlackElo "1643"]
[PlyCount "39"]
[EventDate "2019.09.19"]
[EventType "swiss"]
[EventRounds "9"]
[EventCountry "BAN"]
[SourceTitle "CBM 195 Extra"]
[Source "ChessBase"]
[SourceDate "2020.05.31"]
[SourceVersion "1"]
[SourceVersionDate "2020.05.31"]
[SourceQuality "1"]

1. d4 d5 2. c4 c6 3. Nf3 Nf6 4. Nc3 Bf5 5. cxd5 cxd5 6. Qb3 b6 7. Bg5 e6 8. e4 dxe4 9. Bb5+ Ke7 10. Bf4 Nbd7 11. Ne5 Nxe5 12. dxe5 Nd7 13. Rd1 Nc5 14. Rxd8 Nxb3 15. Rd7+ Ke8 16. Rxa7+ Kd8 17. Rxa8+ Kc7 18. axb3 g6 19. 0-0 g5 20. Rfa1 1-0

[Event "BAN-ch (Women) 39th"]
[Site "Dhaka"]
[Date "2019.09.22"]
[Round "4"]
[White "Afrin Jahan, Munia"]
[Black "Hamid, Rani"]
[Result "0-1"]
[WhiteElo "1643"]
[BlackElo "1854"]
[PlyCount "66"]
[EventDate "2019.09.19"]
[EventType "swiss"]
[EventRounds "9"]
[EventCountry "BAN"]
[SourceTitle "CBM 195 Extra"]
[Source "ChessBase"]
[SourceDate "2020.05.31"]
[SourceVersion "1"]
[SourceVersionDate "2020.05.31"]
[SourceQuality "1"]

1. e4 c5 2. Nf3 e6 3. d4 cxd4 4. Nxd4 a6 5. a3 Nf6 6. Bd3 Nc6 7. Nxc6 bxc6 8. Be3 Be7 9. f3 d5 10. Nd2 Rb8 11. b4 0-0 12. 0-0 a5 13. c3 e5 14. Qc2 Be6 15. exd5 cxd5 16. b5 Rc8 17. Qb2 Qc7 18. Rfc1 Bc5 19. Bxc5 Qxc5+ 20. Kh1 Qe3 21. Bf1 e4 22. h3 exf3 23. Nxf3 Ne4 24. Re1 Ng3+ 25. Kh2 Qf4 26. Kg1 Ne4 27. Nd4 Qg3 28. Ne2 Qf2+ 29. Kh2 Rxc3 30. Kh1 Ng3+ 31. Kh2 Nxf1+ 32. Kh1 Rxh3+ 33. gxh3 Qh2# 0-1

[Event "Dhaka (Women) op 10th"]
[Site "Dhaka"]
[Date "2019.02.02"]
[Round "7"]
[White "Afrin Jahan, Munia"]
[Black "Ahmed, Walijah"]
[Result "1/2-1/2"]
[WhiteElo "1644"]
[BlackElo "1577"]
[PlyCount "36"]
[EventDate "2019.01.27"]
[EventType "swiss"]
[EventRounds "7"]
[EventCountry "BAN"]
[SourceTitle "CBM 189 Extra"]
[Source "ChessBase"]
[SourceDate "2019.06.03"]
[SourceVersion "1"]
[SourceVersionDate "2019.06.03"]
[SourceQuality "1"]

1. e4 c5 2. Bc4 e6 3. Nc3 Nc6 4. a3 a6 5. d3 Nf6 6. Bg5 Be7 7. Nf3 Qc7 8. a4 b6 9. h3 Bb7 10. Qd2 0-0 11. Bf4 d6 12. 0-0 Nd7 13. Qd1 Bf6 14. Nh2 Nde5 15. Ba2 Ng6 16. Bd2 Nb4 17. Bb3 d5 18. Ng4 Qe5 1/2-1/2

[Event "BAN-ch U20 Girls"]
[Site "Dhaka"]
[Date "2018.05.08"]
[Round "4"]
[White "Noshin, Anjum"]
[Black "Afrin Jahan, Munia"]
[Result "1-0"]
[WhiteElo "1720"]
[BlackElo "1677"]
[PlyCount "61"]
[EventDate "2018.05.05"]
[EventType "swiss"]
[EventRounds "8"]
[EventCountry "BAN"]
[SourceTitle "CBM 184 Extra"]
[Source "ChessBase"]
[SourceDate "2018.06.28"]
[SourceVersion "1"]
[SourceVersionDate "2018.06.28"]
[SourceQuality "1"]

1. e4 c5 2. Nf3 Nc6 3. d4 cxd4 4. Nxd4 e6 5. Nc3 a6 6. a3 Bc5 7. Nb3 Ba7 8. Bf4 Qf6 9. Qd2 h6 10. 0-0-0 Nge7 11. e5 Qg6 12. g3 0-0 13. Bd3 Qh5 14. g4 Qh4 15. f3 Ng6 16. Bg3 Qe7 17. f4 Bc5 18. Nxc5 Qxc5 19. h4 b5 20. h5 Nge7 21. Bf2 Nd4 22. Be4 Rb8 23. Bxd4 Qc7 24. g5 hxg5 25. h6 g6 26. h7+ Kh8 27. fxg5 Bb7 28. Qf2 Nf5 29. Bc5 Rfe8 30. Bd6 Nxd6 31. Qf6# 1-0

[Event "BAN-chT2"]
[Site "Dhaka"]
[Date "2017.10.24"]
[Round "3.4"]
[White "Dibakar, Dibya"]
[Black "Afrin Jahan, Munia"]
[Result "1/2-1/2"]
[WhiteElo "1667"]
[BlackElo "1640"]
[PlyCount "137"]
[EventDate "2017.10.22"]
[EventType "team-swiss"]
[EventRounds "7"]
[EventCountry "BAN"]
[SourceTitle "CBM 181 Extra"]
[Source "ChessBase"]
[SourceDate "2017.12.12"]
[SourceVersion "1"]
[SourceVersionDate "2017.12.12"]
[SourceQuality "1"]
[WhiteTeam "Elegant Int CA Green"]
[BlackTeam "Debonair"]
[WhiteTeamCountry "BAN"]
[BlackTeamCountry "BAN"]

1. e4 e6 2. d4 d5 3. Nd2 c5 4. Ngf3 cxd4 5. Nxd4 Bc5 6. N2b3 Bxd4 7. Qxd4 Nf6 8. exd5 Qxd5 9. Be3 Nc6 10. Qxd5 Nxd5 11. Bc5 b6 12. Ba3 Bb7 13. 0-0-0 0-0-0 14. Be2 Nf4 15. Bf3 Ne5 16. Bxb7+ Kxb7 17. Rhe1 Ng4 18. Rd2 g5 19. f3 Rxd2 20. Nxd2 Nxg2 21. Re2 N4e3 22. Ne4 Rd8 23. b3 Rd1+ 24. Kb2 Rf1 25. Nd6+ Kc6 26. Nxf7 Nd1+ 27. Kc1 Nc3+ 28. Kd2 Nxe2 29. Kxe2 Ra1 30. Be7 Rxa2 31. Kd2 Kd5 32. Nxg5 h5 33. Ne4 Ra1 34. Nf6+ Ke5 35. Nxh5 Rh1 36. Bf6+ Kd5 37. c4+ Kd6 38. f4 Rxh2 39. Be5+ Ke7 40. Ng3 Nh4+ 41. Kd1 Rh3 42. Ne4 Nf5 43. Bf6+ Kd7 44. Nd2 Ne3+ 45. Ke2 Ng2 46. Be5 Ne3 47. Bb8 a5 48. Be5 Nc2 49. Kd1 Nb4 50. Bd4 Kc6 51. Be5 Nd3 52. Bb8 Rh4 53. Nf3 Rg4 54. Kd2 Kb7 55. Kxd3 Kxb8 56. Ke4 Rg2 57. Nd4 Rb2 58. Ke5 Rd2 59. Nxe6 Kc8 60. f5 Kd7 61. Nd4 Ke7 62. Nc6+ Kf7 63. Nd4 Ra2 64. Kd5 a4 65. bxa4 Rxa4 66. Nb5 Kf6 67. Kc6 Rxc4+ 68. Kxb6 Rc1 69. Nd4 1/2-1/2

[Event "BAN-ch (Women) 37th"]
[Site "Dhaka"]
[Date "2017.08.26"]
[Round "7"]
[White "Afrin Jahan, Munia"]
[Black "Jahan, Dilara Nupur"]
[Result "0-1"]
[WhiteElo "1652"]
[BlackElo "1762"]
[PlyCount "68"]
[EventDate "2017.08.20"]
[EventType "swiss"]
[EventRounds "9"]
[EventCountry "BAN"]
[SourceTitle "CBM 180 Extra"]
[Source "ChessBase"]
[SourceDate "2017.10.06"]
[SourceVersion "1"]
[SourceVersionDate "2017.10.06"]
[SourceQuality "1"]

1. e4 e6 2. d4 d5 3. exd5 exd5 4. Bd3 Nc6 5. c3 Nf6 6. h3 h6 7. Nf3 Bd6 8. 0-0 0-0 9. Be3 Ne4 10. Nbd2 f5 11. Nb3 Rf6 12. Bxe4 fxe4 13. Nh2 Qe8 14. f3 Rg6 15. Kh1 Bf5 16. Nd2 exf3 17. Qxf3 Be6 18. Rae1 Qd7 19. Qh5 Ne7 20. Rf3 Rf8 21. Ref1 Rf5 22. Rxf5 Bxf5 23. Nhf3 Bd3 24. Rc1 Qe6 25. Nh4 Rg3 26. Nhf3 Qxe3 27. Qe8+ Kh7 28. Qf7 Be4 29. Re1 Qd3 30. Nxe4 dxe4 31. Ng1 Rg5 32. Qe6 Qg3 33. Qxe4+ Ng6 34. Nf3 Qxg2# 0-1

[Event "BAN-ch (Women) 37th"]
[Site "Dhaka"]
[Date "2017.08.25"]
[Round "6"]
[White "Mst Jhorna, Begum"]
[Black "Afrin Jahan, Munia"]
[Result "1-0"]
[WhiteElo "1578"]
[BlackElo "1652"]
[PlyCount "128"]
[EventDate "2017.08.20"]
[EventType "swiss"]
[EventRounds "9"]
[EventCountry "BAN"]
[SourceTitle "CBM 180 Extra"]
[Source "ChessBase"]
[SourceDate "2017.10.06"]
[SourceVersion "1"]
[SourceVersionDate "2017.10.06"]
[SourceQuality "1"]

1. e4 e6 2. Nf3 d5 3. exd5 exd5 4. d4 Bd6 5. h3 h6 6. Bd3 Nf6 7. 0-0 0-0 8. Be3 Be6 9. Nbd2 c6 10. c3 Nbd7 11. Qc2 Bc7 12. Rae1 Nh5 13. Bf5 Re8 14. Nh2 Ndf6 15. Ndf3 Nf4 16. Bxf4 Bxf4 17. Bxe6 Rxe6 18. Rxe6 fxe6 19. Qg6 Qe8 20. Qxe8+ Rxe8 21. Ne5 Bxe5 22. dxe5 Ne4 23. Ng4 h5 24. Ne3 Rf8 25. f3 Ng3 26. Rd1 Nf5 27. Kf2 Nxe3 28. Kxe3 Rf5 29. f4 g5 30. g3 Kh7 31. h4 g4 32. c4 Rf7 33. cxd5 cxd5 34. Rc1 Kg6 35. b4 Rd7 36. Kd4 b6 37. Rc6 Re7 38. a4 Kf7 39. a5 Rb7 40. a6 Re7 41. Rc8 Re8 42. Rc6 Re7 43. f5 exf5 44. Rf6+ Kg7 45. Rxf5 Kg6 46. Rf6+ Kg7 47. Kxd5 Rc7 48. Rc6 Rf7 49. Rf6 Rxf6 50. exf6+ Kxf6 51. Kc6 Ke5 52. Kb7 Ke4 53. Kxa7 Kf3 54. Kxb6 Kxg3 55. a7 Kxh4 56. a8Q g3 57. Qg2 Kg4 58. Kc7 h4 59. b5 h3 60. Qe4+ Kg5 61. Qf3 g2 62. Qg3+ Kf6 63. b6 Ke7 64. b7 Ke8 1-0

[Event "BAN-ch (Women) 35th"]
[Site "Dhaka"]
[Date "2015.10.11"]
[Round "10"]
[White "Hamid, Rani"]
[Black "Afrin Jahan, Munia"]
[Result "1-0"]
[WhiteElo "1976"]
[BlackElo "1684"]
[PlyCount "115"]
[EventDate "2015.10.01"]
[EventType "tourn"]
[EventRounds "11"]
[EventCountry "BAN"]
[SourceTitle "CBM 169 Extra"]
[Source "ChessBase"]
[SourceDate "2015.12.18"]
[SourceVersion "1"]
[SourceVersionDate "2015.12.18"]
[SourceQuality "1"]

1. e4 e5 2. Nf3 Nf6 3. d3 Nc6 4. Be2 Bc5 5. 0-0 h6 6. c3 Bb6 7. Nbd2 0-0 8. Nc4 d6 9. a4 a5 10. Nxb6 cxb6 11. h3 Bd7 12. Re1 Na7 13. c4 Be6 14. Bd2 Nd7 15. d4 exd4 16. Nxd4 Nc5 17. Qc2 Nc6 18. Nb5 f5 19. f3 f4 20. Bc3 Ne5 21. Rad1 Qg5 22. Kh1 Bxh3 23. gxh3 Qg6 24. Bf1 Nxf3 25. Qg2 Nxe1 26. Rxe1 Qxg2+ 27. Kxg2 Nxa4 28. Bd4 Nc5 29. Kf3 g5 30. Nxd6 Rad8 31. e5 Rd7 32. Rd1 Re7 33. Bxc5 bxc5 34. Rd5 b6 35. Bd3 a4 36. Bf5 Ra8 37. Nc8 Rc7 38. Nxb6 Ra6 39. Nd7 Kf7 40. Nxc5 Rb6 41. Nxa4 Rb4 42. Nc3 Rxb2 43. Rb5 Rb7 44. Rxb7+ Rxb7 45. Nb5 Ke7 46. Ke4 Rb8 47. Bg4 Rc8 48. Nd6 Ra8 49. Nf5+ Kd8 50. Nxh6 Ra4 51. Kd5 Ke8 52. Nf5 Ra3 53. Nd4 Rc3 54. e6 Rd3 55. c5 Kd8 56. c6 Kc7 57. e7 Re3 58. Ne6+ 1-0

[Event "BAN-ch (Women) 35th"]
[Site "Dhaka"]
[Date "2015.10.09"]
[Round "8"]
[White "Afrin Jahan, Munia"]
[Black "Sultana, Sharmin Shirin"]
[Result "0-1"]
[WhiteElo "1684"]
[BlackElo "2026"]
[PlyCount "74"]
[EventDate "2015.10.01"]
[EventType "tourn"]
[EventRounds "11"]
[EventCountry "BAN"]
[SourceTitle "CBM 169 Extra"]
[Source "ChessBase"]
[SourceDate "2015.12.18"]
[SourceVersion "1"]
[SourceVersionDate "2015.12.18"]
[SourceQuality "1"]

1. e4 c5 2. Nf3 e6 3. d4 cxd4 4. Nxd4 a6 5. Be2 Nf6 6. Nc3 Qc7 7. a3 b5 8. Qd3 Bb7 9. f3 Nc6 10. Be3 Ne5 11. Qd2 Nc4 12. Bxc4 Qxc4 13. Qd3 Qc7 14. 0-0 Be7 15. Nce2 d5 16. exd5 Nxd5 17. Bf2 0-0 18. Rac1 Rac8 19. Kh1 Bd6 20. Bg3 Nf4 21. Nxf4 Bxf4 22. Bxf4 Qxf4 23. Ne2 Qe5 24. c3 Rfd8 25. Qc2 Qe3 26. Nd4 Rxd4 27. cxd4 Rxc2 28. Rxc2 g5 29. Rc7 Bd5 30. Ra7 Qxd4 31. Rxa6 Qxb2 32. h3 h5 33. Ra5 g4 34. Kg1 gxh3 35. gxh3 Qe2 36. Rf2 Qe1+ 37. Kg2 Qxa5 0-1

[Event "BAN-ch (Women) 35th+"]
[Site "Dhaka"]
[Date "2015.10.05"]
[Round "5"]
[White "Tanzina, Akter Tani"]
[Black "Afrin Jahan, Munia"]
[Result "0-1"]
[WhiteElo "1674"]
[BlackElo "1684"]
[PlyCount "29"]
[EventDate "2015.10.01"]
[EventType "tourn"]
[EventRounds "11"]
[EventCountry "BAN"]
[SourceTitle "CBM 169 Extra"]
[Source "ChessBase"]
[SourceDate "2015.12.18"]
[SourceVersion "1"]
[SourceVersionDate "2015.12.18"]
[SourceQuality "1"]

1. e4 e5 2. Nf3 Nf6 3. Nc3 Nc6 4. Bc4 h6 5. d3 Bc5 6. h3 a6 7. 0-0 d6 8. a3 0-0 9. Bd2 Kh8 10. b4 Ba7 11. Qc1 Kh7 12. Nh4 Nxe4 13. Nxe4 Qxh4 14. c3 f5 15. Ng3 0-1

[Event "BAN-ch (Women) 35th"]
[Site "Dhaka"]
[Date "2015.10.03"]
[Round "3"]
[White "Shamima, Akter Liza"]
[Black "Afrin Jahan, Munia"]
[Result "1-0"]
[WhiteElo "2162"]
[BlackElo "1684"]
[PlyCount "51"]
[EventDate "2015.10.01"]
[EventType "tourn"]
[EventRounds "11"]
[EventCountry "BAN"]
[SourceTitle "CBM 169 Extra"]
[Source "ChessBase"]
[SourceDate "2015.12.18"]
[SourceVersion "1"]
[SourceVersionDate "2015.12.18"]
[SourceQuality "1"]

1. d4 d5 2. c4 c6 3. Nc3 Nf6 4. Nf3 dxc4 5. a4 Bf5 6. Ne5 Nbd7 7. Nxc4 Qc7 8. g3 e5 9. dxe5 Nxe5 10. Bf4 Nfd7 11. Bg2 Be6 12. Nxe5 Nxe5 13. Qd4 f6 14. a5 Be7 15. a6 b6 16. Nb5 Qd8 17. Qxd8+ Rxd8 18. Nxa7 Bb4+ 19. Kf1 Bd5 20. Bxe5 fxe5 21. Bxd5 Rxd5 22. Nxc6 Ba5 23. a7 Kd7 24. Nb8+ Ke6 25. a8Q Rc5 26. Qb7 1-0